[Event "Rio de Janeiro Cunha Memorial"]
[Site "Rio de Janeiro"]
[Date "2014.09.09"]
[Round "4"]
[White "Rangel, Daniel"]
[Black "Cubas, Jose Fernando"]
[Result "0-1"]
[WhiteElo "2316"]
[BlackElo "2456"]
[PlyCount "114"]
[EventDate "2014.09.08"]
[EventType "tourn"]
[EventRounds "9"]
[EventCountry "BRA"]
[EventCategory "4"]
[SourceTitle "EXT 2015"]
[Source "ChessBase"]
[SourceDate "2014.11.20"]
[SourceVersion "1"]
[SourceVersionDate "2014.11.20"]
[SourceQuality "1"]

1. e4 c5 2. Nf3 Nc6 3. Bb5 Nf6 4. Bxc6 dxc6 5. d3 Bg4 6. h3 Bh5 7. Bf4 c4 8.
O-O cxd3 9. cxd3 e6 10. Nc3 Be7 11. Qe2 O-O 12. Rad1 Qa5 13. d4 Rfd8 14. a3 b5
15. d5 cxd5 16. exd5 b4 17. axb4 Qxb4 18. Bd2 Bxf3 19. gxf3 Qh4 20. dxe6 Qxh3
21. exf7+ Kxf7 22. Bg5 Qe6 23. Qxe6+ Kxe6 24. Rfe1+ Kf7 25. Be3 Rdb8 26. Re2
Rb4 27. Rd4 a5 28. Ne4 Rab8 29. Rxb4 Rxb4 30. Bg5 Rb7 31. Nxf6 gxf6 32. Be3 Rb3
33. Kg2 Bd6 34. Bd4 Rd3 35. Bc3 Rd5 36. Re4 Be5 37. Bxe5 Rxe5 38. Rh4 Rb5 39.
Rxh7+ Ke6 40. Ra7 Kd5 41. Ra6 f5 42. Kf1 Kc4 43. Ke2 Kb3 44. Ke3 Kxb2 45. Kd4
Kb3 46. Re6 a4 47. Re3+ Kb4 48. Re1 a3 49. Rb1+ Ka4 50. Ra1 Rb3 51. f4 Rb5 52.
f3 Ra5 53. Kc4 Ra8 54. Kd5 Kb3 55. Re1 Rd8+ 56. Kc5 a2 57. Re3+ Kc2 0-1

[Event "Rio de Janeiro Cunha Memorial"]
[Site "Rio de Janeiro"]
[Date "2014.09.10"]
[Round "5"]
[White "Cubas, Jose Fernando"]
[Black "Rego, Vinicius Vilela"]
[Result "1/2-1/2"]
[WhiteElo "2456"]
[BlackElo "2275"]
[PlyCount "42"]
[EventDate "2014.09.08"]
[EventType "tourn"]
[EventRounds "9"]
[EventCountry "BRA"]
[EventCategory "4"]
[SourceTitle "EXT 2015"]
[Source "ChessBase"]
[SourceDate "2014.11.20"]
[SourceVersion "1"]
[SourceVersionDate "2014.11.20"]
[SourceQuality "1"]

1. e4 c5 2. Nc3 Nc6 3. g3 g6 4. Bg2 Bg7 5. d3 d6 6. Be3 Nf6 7. h3 Rb8 8. Qd2 b5
9. f4 Bd7 10. Nf3 O-O 11. O-O b4 12. Ne2 Ne8 13. c4 bxc3 14. bxc3 Qa5 15. g4
Nc7 16. f5 Rb5 17. Bh6 Rfb8 18. Bxg7 Kxg7 19. Ng3 f6 20. g5 Ne5 21. Nxe5 dxe5
1/2-1/2

[Event "Rio de Janeiro Cunha Memorial"]
[Site "Rio de Janeiro"]
[Date "2014.09.10"]
[Round "6"]
[White "Crosa Coll, Martin"]
[Black "Cubas, Jose Fernando"]
[Result "0-1"]
[WhiteElo "2321"]
[BlackElo "2456"]
[PlyCount "67"]
[EventDate "2014.09.08"]
[EventType "tourn"]
[EventRounds "9"]
[EventCountry "BRA"]
[EventCategory "4"]
[SourceTitle "EXT 2015"]
[Source "ChessBase"]
[SourceDate "2014.11.20"]
[SourceVersion "1"]
[SourceVersionDate "2014.11.20"]
[SourceQuality "1"]

1. e4 c5 2. Nf3 d6 3. d4 cxd4 4. Nxd4 Nf6 5. Nc3 a6 6. g3 e5 7. Nde2 Nbd7 8.
Bg2 b5 9. a4 b4 10. Nd5 Nxd5 11. exd5 a5 12. O-O Ba6 13. Re1 Be7 14. c3 Nc5 15.
Qc2 b3 16. Qd1 Rb8 17. Rf1 O-O 18. Be3 Qd7 19. Bxc5 dxc5 20. f4 exf4 21. Rxf4
Rfe8 22. Re4 Bg5 23. Nf4 Rxe4 24. Bxe4 Bxf4 25. gxf4 Re8 26. Qf3 f5 27. Bd3 c4
28. Bf1 Re4 29. Qf2 Qd6 30. Bg2 Rxf4 31. Qa7 h6 32. Re1 Rg4 33. Qa8+ Kh7 34.
Qc6 0-1

[Event "Rio de Janeiro Cunha Memorial"]
[Site "Rio de Janeiro"]
[Date "2014.09.11"]
[Round "7"]
[White "Cubas, Jose Fernando"]
[Black "Guimaraes, Wagner Peixoto"]
[Result "1-0"]
[WhiteElo "2456"]
[BlackElo "2242"]
[PlyCount "42"]
[EventDate "2014.09.08"]
[EventType "tourn"]
[EventRounds "9"]
[EventCountry "BRA"]
[EventCategory "4"]
[SourceTitle "EXT 2015"]
[Source "ChessBase"]
[SourceDate "2014.11.20"]
[SourceVersion "1"]
[SourceVersionDate "2014.11.20"]
[SourceQuality "1"]

1. e4 c5 2. Nf3 d6 3. d4 cxd4 4. Nxd4 Nf6 5. Nc3 g6 6. Be2 Bg7 7. Be3 O-O 8.
Nb3 Nc6 9. f4 Be6 10. g4 d5 11. f5 Bc8 12. exd5 Nb4 13. Bf3 gxf5 14. a3 fxg4
15. Bg2 Na6 16. Qd3 Qd6 17. O-O-O Bd7 18. h3 g3 19. Rdf1 e5 20. Bg5 Nh5 21. Be4
f5 1-0

[Event "Rio de Janeiro Cunha Memorial"]
[Site "Rio de Janeiro"]
[Date "2014.09.11"]
[Round "8"]
[White "Mela, Benjamin"]
[Black "Cubas, Jose Fernando"]
[Result "0-1"]
[WhiteElo "2339"]
[BlackElo "2456"]
[PlyCount "32"]
[EventDate "2014.09.08"]
[EventType "tourn"]
[EventRounds "9"]
[EventCountry "BRA"]
[EventCategory "4"]
[SourceTitle "EXT 2015"]
[Source "ChessBase"]
[SourceDate "2014.11.20"]
[SourceVersion "1"]
[SourceVersionDate "2014.11.20"]
[SourceQuality "1"]

1. e4 c5 2. Nf3 Nc6 3. d4 cxd4 4. Nxd4 e5 5. Nb5 d6 6. N1c3 a6 7. Na3 Be7 8.
Nd5 Nf6 9. Nxe7 Nxe7 10. Bd3 d5 11. exd5 Qxd5 12. O-O Bg4 13. Be2 Bxe2 14. Qxe2
Rc8 15. Bg5 Ng6 16. c4 Qc6 0-1

[Event "American Continental 10th"]
[Site "Praia da Pipa"]
[Date "2014.10.18"]
[Round "1"]
[White "Santos, Sidclay Souza"]
[Black "Cubas, Jose Fernando"]
[Result "0-1"]
[WhiteElo "2007"]
[BlackElo "2474"]
[PlyCount "82"]
[EventDate "2014.10.18"]
[EventType "swiss"]
[EventRounds "11"]
[EventCountry "BRA"]
[SourceTitle "EXT 2015"]
[Source "ChessBase"]
[SourceDate "2014.11.20"]
[SourceVersion "1"]
[SourceVersionDate "2014.11.20"]
[SourceQuality "1"]

1. e4 c5 2. Nf3 Nc6 3. Nc3 g6 4. d4 cxd4 5. Nxd4 Bg7 6. Be3 Nf6 7. f3 d6 8. Qd2
O-O 9. O-O-O d5 10. Nxc6 bxc6 11. exd5 cxd5 12. Nxd5 Nxd5 13. Qxd5 Qc7 14. Qc5
Qb8 15. Qb5 Qxb5 16. Bxb5 Rb8 17. Bc4 Bxb2+ 18. Kd2 Rb7 19. Ke2 Bf5 20. Bb3 Rc7
21. c4 Be6 22. Rd2 Ba3 23. Rc2 Rfc8 24. Rd1 a6 25. Bc1 Bd6 26. Bd2 Bxc4+ 27.
Bxc4 Rxc4 28. Rxc4 Rxc4 29. g3 Ra4 30. Ra1 Be5 31. Rb1 Rxa2 32. Kd3 f5 33. f4
Bf6 34. Rb3 a5 35. Rb5 a4 36. Ra5 Kf7 37. Ra7 Ra1 38. Be3 a3 39. Bc5 a2 40. Kc2
Ke6 41. Kb3 Rc1 0-1

[Event "American Continental 10th"]
[Site "Praia da Pipa"]
[Date "2014.10.19"]
[Round "2"]
[White "Cubas, Jose Fernando"]
[Black "Cavalcanti, Francisco de Assis"]
[Result "0-1"]
[WhiteElo "2474"]
[BlackElo "2186"]
[PlyCount "62"]
[EventDate "2014.10.18"]
[EventType "swiss"]
[EventRounds "11"]
[EventCountry "BRA"]
[SourceTitle "EXT 2015"]
[Source "ChessBase"]
[SourceDate "2014.11.20"]
[SourceVersion "1"]
[SourceVersionDate "2014.11.20"]
[SourceQuality "1"]

1. e4 c6 2. d4 d5 3. Nd2 dxe4 4. Nxe4 Nf6 5. Nxf6+ exf6 6. c3 Bd6 7. Bd3 O-O 8.
Ne2 Qc7 9. Qc2 h6 10. h3 Re8 11. O-O Nd7 12. c4 c5 13. Be3 cxd4 14. Nxd4 a6 15.
Rfe1 Ne5 16. Bf1 Bd7 17. Rac1 Rac8 18. Qd2 Bf8 19. c5 Rcd8 20. b4 Bxh3 21. f4
Bc8 22. b5 Ng4 23. b6 Qd7 24. c6 Qd5 25. Qc3 Rxe3 26. Rxe3 Nxe3 27. Qxe3 Bc5
28. Rxc5 Qxc5 29. c7 Rxd4 30. Qe8+ Kh7 31. Qxc8 Rd8+ 0-1

[Event "American Continental 10th"]
[Site "Praia da Pipa"]
[Date "2014.10.19"]
[Round "3"]
[White "Andrade Fiaes, Mario Henrique"]
[Black "Cubas, Jose Fernando"]
[Result "0-1"]
[WhiteElo "2070"]
[BlackElo "2474"]
[PlyCount "60"]
[EventDate "2014.10.18"]
[EventType "swiss"]
[EventRounds "11"]
[EventCountry "BRA"]
[SourceTitle "EXT 2015"]
[Source "ChessBase"]
[SourceDate "2014.11.20"]
[SourceVersion "1"]
[SourceVersionDate "2014.11.20"]
[SourceQuality "1"]

1. d4 Nf6 2. c4 e6 3. Nf3 d5 4. Nc3 Bb4 5. Qb3 c5 6. cxd5 exd5 7. Bg5 Nc6 8. e3
cxd4 9. exd4 O-O 10. O-O-O Bxc3 11. Qxc3 Bf5 12. Bd3 Bxd3 13. Qxd3 Qc8 14. Kb1
Ne4 15. Be3 Nb4 16. Qb3 a5 17. a3 Qf5 18. Ka1 b5 19. Ne5 Rfc8 20. Rc1 Rc4 21.
Nxc4 dxc4 22. Qd1 Qd5 23. Qe2 Nd3 24. Rcd1 b4 25. b3 Nc3 26. Qc2 cxb3 27. Qxd3
b2+ 28. Kxb2 Qa2+ 29. Kc1 Ne2+ 30. Qxe2 Rc8+ 0-1

[Event "American Continental 10th"]
[Site "Praia da Pipa"]
[Date "2014.10.20"]
[Round "4"]
[White "Cubas, Jose Fernando"]
[Black "Januario, Severino Pereira"]
[Result "1-0"]
[WhiteElo "2474"]
[BlackElo "2171"]
[PlyCount "71"]
[EventDate "2014.10.18"]
[EventType "swiss"]
[EventRounds "11"]
[EventCountry "BRA"]
[SourceTitle "EXT 2015"]
[Source "ChessBase"]
[SourceDate "2014.11.20"]
[SourceVersion "1"]
[SourceVersionDate "2014.11.20"]
[SourceQuality "1"]

1. e4 c6 2. d4 d5 3. Nd2 dxe4 4. Nxe4 Bf5 5. Ng3 Bg6 6. h4 h6 7. N1e2 Nf6 8.
Nf4 Bh7 9. Bc4 e6 10. Qe2 Nd5 11. c3 Be7 12. Ngh5 Rg8 13. g3 Nd7 14. Nxd5 cxd5
15. Bd3 Bxd3 16. Qxd3 Nf6 17. Nxf6+ Bxf6 18. Bf4 Qb6 19. O-O-O O-O-O 20. Kb1
Qc6 21. g4 Be7 22. Rhe1 Bd6 23. Be5 Bxe5 24. Rxe5 Kb8 25. Qg3 Ka8 26. f4 g6 27.
Rde1 a6 28. Qf3 Rd6 29. h5 Qb5 30. g5 Rb6 31. Qe2 Qc6 32. gxh6 gxh5 33. Ka1 f5
34. Qxh5 Rg2 35. R5e2 Rxb2 36. Kxb2 1-0

[Event "American Continental 10th"]
[Site "Praia da Pipa"]
[Date "2014.10.21"]
[Round "5"]
[White "Feliciano Ebert, Vanessa"]
[Black "Cubas, Jose Fernando"]
[Result "0-1"]
[WhiteElo "2252"]
[BlackElo "2474"]
[PlyCount "84"]
[EventDate "2014.10.18"]
[EventType "swiss"]
[EventRounds "11"]
[EventCountry "BRA"]
[SourceTitle "EXT 2015"]
[Source "ChessBase"]
[SourceDate "2014.11.20"]
[SourceVersion "1"]
[SourceVersionDate "2014.11.20"]
[SourceQuality "1"]

1. e4 c5 2. Nf3 d6 3. Bb5+ Bd7 4. Bxd7+ Qxd7 5. O-O Nf6 6. Qe2 Nc6 7. Rd1 Rc8
8. d4 cxd4 9. Nxd4 g6 10. Nc3 Bg7 11. Nf3 Ng4 12. Nd5 O-O 13. h3 Nf6 14. c3
Rfe8 15. Nxf6+ Bxf6 16. Bf4 Bg7 17. Rd5 e5 18. Bg5 h6 19. Be3 Ne7 20. Rd2 Qa4
21. Rxd6 Qxe4 22. Rad1 Nf5 23. Rd7 Qc6 24. R7d2 Qa4 25. b3 Qc6 26. c4 a6 27. a4
Nd4 28. Bxd4 exd4 29. Qd3 Re4 30. Qc2 Rce8 31. Qb1 Qc5 32. Qd3 Bf6 33. Rb2 g5
34. Rdd2 h5 35. Re2 Rxe2 36. Rxe2 Rxe2 37. Qxe2 Qf5 38. Qd1 Qf4 39. g3 Qf5 40.
h4 Qe4 41. Kh2 d3 42. Kg1 Qe2 0-1

[Event "American Continental 10th"]
[Site "Praia da Pipa"]
[Date "2014.10.22"]
[Round "6"]
[White "Cubas, Jose Fernando"]
[Black "Bruzon Batista, Lazaro"]
[Result "0-1"]
[WhiteElo "2474"]
[BlackElo "2679"]
[PlyCount "94"]
[EventDate "2014.10.18"]
[EventType "swiss"]
[EventRounds "11"]
[EventCountry "BRA"]
[SourceTitle "EXT 2015"]
[Source "ChessBase"]
[SourceDate "2014.11.20"]
[SourceVersion "1"]
[SourceVersionDate "2014.11.20"]
[SourceQuality "1"]

1. e4 c6 2. d4 d5 3. e5 Bf5 4. Nd2 e6 5. Nb3 Nd7 6. Nf3 a6 7. Be3 Rc8 8. Be2 c5
9. dxc5 Bxc5 10. Bxc5 Nxc5 11. Nfd4 Bg6 12. Nxc5 Rxc5 13. O-O Ne7 14. c3 O-O
15. Bg4 Nc6 16. Nb3 Rc4 17. Nd2 Rf4 18. g3 Rxg4 19. Qxg4 Nxe5 20. Qe2 f6 21.
Qe3 Re8 22. Rad1 Qa5 23. b3 Qxa2 24. c4 Qb2 25. cxd5 exd5 26. Nf3 Bh5 27. Nxe5
Bxd1 28. Nd3 Qe2 29. Qd4 Bxb3 30. Nc1 Qf3 31. Nxb3 Qxb3 32. Rc1 h6 33. Kg2 Re4
34. Qc5 Qb5 35. Qxb5 axb5 36. Rc5 Re7 37. Rxd5 Kf7 38. Rxb5 Ke8 39. h4 Kd8 40.
Kf3 Kc7 41. Kf4 Kc6 42. Rb2 Re5 43. Rc2+ Rc5 44. Re2 b5 45. Re7 b4 46. Rxg7 b3
47. Rg8 Kb7 0-1

[Event "American Continental 10th"]
[Site "Praia da Pipa"]
[Date "2014.10.22"]
[Round "7"]
[White "Brito, Luismar Jorge"]
[Black "Cubas, Jose Fernando"]
[Result "0-1"]
[WhiteElo "2261"]
[BlackElo "2474"]
[PlyCount "60"]
[EventDate "2014.10.18"]
[EventType "swiss"]
[EventRounds "11"]
[EventCountry "BRA"]
[SourceTitle "EXT 2015"]
[Source "ChessBase"]
[SourceDate "2014.11.20"]
[SourceVersion "1"]
[SourceVersionDate "2014.11.20"]
[SourceQuality "1"]

1. e4 e6 2. Nc3 d5 3. Nf3 Nf6 4. e5 Nfd7 5. d4 c5 6. dxc5 Nc6 7. Bf4 Be7 8. Nb5
Nxc5 9. c3 O-O 10. Bd3 f6 11. exf6 gxf6 12. Bc2 a6 13. Na3 e5 14. Bh6 Rf7 15.
h3 Be6 16. Qe2 b5 17. Rd1 Qb6 18. O-O b4 19. cxb4 Qxb4 20. Rfe1 Kh8 21. Bc1 Rg8
22. Kh1 Rfg7 23. Rg1 Ne4 24. Bxe4 dxe4 25. Nd2 Nd4 26. Qxe4 Qc5 27. Nb3 Nxb3
28. axb3 Qxf2 29. Rdf1 Qc5 30. Be3 Qd5 0-1

[Event "American Continental 10th"]
[Site "Praia da Pipa"]
[Date "2014.10.23"]
[Round "8"]
[White "Cubas, Jose Fernando"]
[Black "Quintiliano Pinto, Renato Rodrigues"]
[Result "1-0"]
[WhiteElo "2474"]
[BlackElo "2378"]
[PlyCount "91"]
[EventDate "2014.10.18"]
[EventType "swiss"]
[EventRounds "11"]
[EventCountry "BRA"]
[SourceTitle "EXT 2015"]
[Source "ChessBase"]
[SourceDate "2014.11.20"]
[SourceVersion "1"]
[SourceVersionDate "2014.11.20"]
[SourceQuality "1"]

1. e4 c5 2. Nf3 d6 3. d4 cxd4 4. Nxd4 Nf6 5. Nc3 a6 6. f4 e5 7. Nf3 Nbd7 8. a4
Be7 9. Bd3 O-O 10. O-O exf4 11. Kh1 Nc5 12. Bxf4 Bg4 13. Be3 Rc8 14. a5 Bh5 15.
Qe1 Re8 16. Qg3 Bg6 17. Bd4 Nh5 18. Qf2 Bf6 19. Nd2 Bxd4 20. Qxd4 Nf6 21. Rae1
Nxd3 22. cxd3 Qxa5 23. Nc4 Qb4 24. Na2 Qa4 25. Ra1 b5 26. b3 Qxb3 27. Rfb1 Rxc4
28. dxc4 Qxc4 29. Qxc4 bxc4 30. Rc1 Rc8 31. Nb4 Bxe4 32. Rxa6 h6 33. Rxd6 Rb8
34. Rxc4 Bd5 35. Rd4 Rb5 36. Kg1 Be6 37. h3 Re5 38. Nd3 Ra5 39. Nf4 Bf5 40.
Rd8+ Kh7 41. Rf8 Ra7 42. g4 Ra1+ 43. Kf2 Ra2+ 44. Ke1 Ra1+ 45. Kd2 Nd7 46. Rxf7
1-0

[Event "American Continental 10th"]
[Site "Praia da Pipa"]
[Date "2014.10.24"]
[Round "9"]
[White "Castro Oscar, Hernandez C"]
[Black "Cubas, Jose Fernando"]
[Result "1-0"]
[WhiteElo "2359"]
[BlackElo "2474"]
[PlyCount "62"]
[EventDate "2014.10.18"]
[EventType "swiss"]
[EventRounds "11"]
[EventCountry "BRA"]
[SourceTitle "EXT 2015"]
[Source "ChessBase"]
[SourceDate "2014.11.20"]
[SourceVersion "1"]
[SourceVersionDate "2014.11.20"]
[SourceQuality "1"]

1. d4 d5 2. c4 c6 3. Nf3 Nf6 4. Nc3 a6 5. cxd5 cxd5 6. Bf4 Nc6 7. e3 Bf5 8. Bd3
Bxd3 9. Qxd3 e6 10. O-O Bb4 11. Rfc1 Rc8 12. a3 Bxc3 13. Rxc3 Ne4 14. Rc2 f6
15. Rac1 O-O 16. Nd2 Nxd2 17. Qxd2 Qd7 18. h3 e5 19. dxe5 fxe5 20. Bg3 Qe6 21.
Rc5 Rcd8 22. Qc2 e4 23. Qb3 Rd7 24. Rd1 Rfd8 25. Rd2 Qf7 26. Qd1 h6 27. b4 Kh7
28. Qc2 Qe6 29. Qb1 d4 30. exd4 Rxd4 31. Rxd4 Nxd4 1-0

[Event "American Continental 10th"]
[Site "Praia da Pipa"]
[Date "2014.10.25"]
[Round "10"]
[White "Cubas, Jose Fernando"]
[Black "Cuellar, Diego"]
[Result "1/2-1/2"]
[WhiteElo "2474"]
[BlackElo "2302"]
[PlyCount "63"]
[EventDate "2014.10.18"]
[EventType "swiss"]
[EventRounds "11"]
[EventCountry "BRA"]
[SourceTitle "EXT 2015"]
[Source "ChessBase"]
[SourceDate "2014.11.20"]
[SourceVersion "1"]
[SourceVersionDate "2014.11.20"]
[SourceQuality "1"]

1. e4 c5 2. Nf3 Nc6 3. d4 cxd4 4. Nxd4 g6 5. Nc3 Bg7 6. Nb3 Nf6 7. Be2 d6 8.
O-O O-O 9. Re1 Be6 10. Bg5 a6 11. Bf1 Re8 12. Qd2 Qc7 13. Rac1 Ne5 14. Nd4 Bc4
15. b3 Bxf1 16. Bxf6 Bxf6 17. Nd5 Qc5 18. Nxf6+ exf6 19. Kxf1 Nc6 20. Nxc6 bxc6
21. Rcd1 Re6 22. Re3 Rae8 23. Rde1 f5 24. exf5 Rxe3 25. Rxe3 Rxe3 26. Qxe3 Qxc2
27. g3 Qxf5 28. Qe8+ Kg7 29. Qxc6 Qb1+ 30. Kg2 Qxa2 31. Qxd6 Qxb3 32. Qxa6
1/2-1/2

[Event "American Continental 10th"]
[Site "Praia da Pipa"]
[Date "2014.10.26"]
[Round "11"]
[White "Cubas, Jose Fernando"]
[Black "Perez Gormaz, Matias Ariel"]
[Result "0-1"]
[WhiteElo "2474"]
[BlackElo "2327"]
[PlyCount "74"]
[EventDate "2014.10.18"]
[EventType "swiss"]
[EventRounds "11"]
[EventCountry "BRA"]
[SourceTitle "EXT 2015"]
[Source "ChessBase"]
[SourceDate "2014.11.20"]
[SourceVersion "1"]
[SourceVersionDate "2014.11.20"]
[SourceQuality "1"]

1. e4 c5 2. Nf3 d6 3. d4 cxd4 4. Nxd4 Nf6 5. Nc3 Bd7 6. Bg5 Nc6 7. Qd2 Rc8 8.
O-O-O Nxd4 9. Qxd4 Qa5 10. f4 Bc6 11. Bc4 e5 12. fxe5 dxe5 13. Bxf7+ Kxf7 14.
Qc4+ Kg6 15. Qe6 Re8 16. Qf5+ Kf7 17. Rhf1 Re6 18. Bxf6 Rxf6 19. Qh5+ g6 20.
Rxf6+ Kxf6 21. Nd5+ Bxd5 22. Qf3+ Ke7 23. exd5 Qxa2 24. d6+ Kd8 25. Qf6+ Kd7
26. g4 Rg8 27. Qxe5 Qa1+ 28. Kd2 Qa6 29. Kc1 Qa1+ 30. Kd2 Qa6 31. Qf6 Bh6+ 32.
g5 Qa5+ 33. Kd3 Qd5+ 34. Kc3 Rc8+ 35. Kb4 Rc4+ 36. Kb3 Qb5+ 37. Ka2 Qa4+ 0-1

[Event "PAR-ch"]
[Site "Asuncion"]
[Date "2014.12.11"]
[Round "2"]
[White "Cubas, Jose Fernando"]
[Black "Almiron, Antonio"]
[Result "1-0"]
[WhiteElo "2459"]
[BlackElo "2255"]
[PlyCount "49"]
[EventDate "2014.12.10"]
[EventType "tourn"]
[EventRounds "11"]
[EventCountry "PAR"]
[EventCategory "3"]
[SourceTitle "EXT 2016"]
[Source "ChessBase"]
[SourceDate "2015.10.08"]
[SourceVersion "1"]
[SourceVersionDate "2015.10.08"]
[SourceQuality "1"]

1. e4 c5 2. Nf3 d6 3. d4 cxd4 4. Nxd4 Nf6 5. Nc3 a6 6. Be3 e6 7. Be2 Be7 8. O-O
O-O 9. f4 Nc6 10. a4 Qc7 11. Kh1 Re8 12. a5 Nxa5 13. e5 Nd5 14. Nxe6 Bxe6 15.
Nxd5 Bxd5 16. Qxd5 Nc6 17. Bc4 Rf8 18. e6 fxe6 19. Qxe6+ Kh8 20. c3 Bf6 21. Rf3
Rfe8 22. Qh3 g6 23. Bd3 Qc8 24. g4 Kg7 25. g5 1-0

[Event "PAR-ch"]
[Site "Asuncion"]
[Date "2014.12.12"]
[Round "3"]
[White "Jodorcovsky Werjivker, Paulo"]
[Black "Cubas, Jose Fernando"]
[Result "0-1"]
[WhiteElo "2203"]
[BlackElo "2459"]
[PlyCount "74"]
[EventDate "2014.12.10"]
[EventType "tourn"]
[EventRounds "11"]
[EventCountry "PAR"]
[EventCategory "3"]
[SourceTitle "EXT 2016"]
[Source "ChessBase"]
[SourceDate "2015.10.08"]
[SourceVersion "1"]
[SourceVersionDate "2015.10.08"]
[SourceQuality "1"]

1. d4 Nf6 2. Nf3 e6 3. e3 c5 4. Bd3 d5 5. b3 Nc6 6. Bb2 Bd6 7. O-O O-O 8. Nbd2
b6 9. a3 Bb7 10. Ne5 Ne7 11. f4 Ne4 12. Bxe4 dxe4 13. Ndc4 Nf5 14. g4 Nh4 15.
Nxd6 Qxd6 16. Qe1 Nf3+ 17. Nxf3 exf3 18. Kf2 cxd4 19. Bxd4 e5 20. Bxe5 Qg6 21.
f5 Qxg4 22. Rg1 Qh4+ 23. Kf1 Qh3+ 24. Kf2 f6 25. Bf4 Qxf5 26. Rc1 Rfd8 27. Qb4
Rd7 28. Qc4+ Kh8 29. Rcd1 Rc8 30. Rxd7 Qxd7 31. Qd3 Qxd3 32. cxd3 Rc2+ 33. Kg3
Rd2 34. Rc1 g5 35. Bb8 Rg2+ 36. Kh3 f2 37. Rf1 Rg1 0-1

[Event "PAR-ch"]
[Site "Asuncion"]
[Date "2014.12.13"]
[Round "4"]
[White "Franco Ocampos, Zenon"]
[Black "Cubas, Jose Fernando"]
[Result "1/2-1/2"]
[WhiteElo "2490"]
[BlackElo "2459"]
[PlyCount "53"]
[EventDate "2014.12.10"]
[EventType "tourn"]
[EventRounds "11"]
[EventCountry "PAR"]
[EventCategory "3"]
[SourceTitle "EXT 2016"]
[Source "ChessBase"]
[SourceDate "2015.10.08"]
[SourceVersion "1"]
[SourceVersionDate "2015.10.08"]
[SourceQuality "1"]

1. d4 Nf6 2. c4 e6 3. Nc3 d5 4. cxd5 Nxd5 5. e4 Nxc3 6. bxc3 c5 7. Nf3 cxd4 8.
cxd4 Nc6 9. Bc4 b5 10. Be2 Bb4+ 11. Bd2 Bxd2+ 12. Qxd2 a6 13. O-O O-O 14. a4
bxa4 15. Rxa4 a5 16. Rd1 Bb7 17. Qf4 Nb4 18. Ne5 Qc7 19. Raa1 f6 20. Nd3 Qxf4
21. Nxf4 Bxe4 22. Nxe6 Rfc8 23. Nc5 Bd5 24. f3 Ra7 25. Kf2 Rca8 26. Bb5 Rb8 27.
Ba4 1/2-1/2

[Event "PAR-ch"]
[Site "Asuncion"]
[Date "2014.12.14"]
[Round "5"]
[White "Cubas, Jose Fernando"]
[Black "Kropff, Ricardo"]
[Result "1-0"]
[WhiteElo "2459"]
[BlackElo "2174"]
[PlyCount "55"]
[EventDate "2014.12.10"]
[EventType "tourn"]
[EventRounds "11"]
[EventCountry "PAR"]
[EventCategory "3"]
[SourceTitle "EXT 2016"]
[Source "ChessBase"]
[SourceDate "2015.10.08"]
[SourceVersion "1"]
[SourceVersionDate "2015.10.08"]
[SourceQuality "1"]

1. e4 e5 2. Nf3 Nf6 3. Nxe5 d6 4. Nf3 Nxe4 5. d4 d5 6. Bd3 Nc6 7. O-O Be7 8.
Nc3 Bf5 9. Re1 Nxc3 10. bxc3 Bxd3 11. Qxd3 O-O 12. Rb1 Na5 13. Qf5 b6 14. Bf4
Bf6 15. Re2 g6 16. Qg4 Re8 17. Rbe1 Rxe2 18. Rxe2 Nc4 19. Ne5 Nxe5 20. dxe5 h5
21. Qf3 Bg5 22. e6 fxe6 23. Rxe6 Kh7 24. Bxg5 Qxg5 25. Qf7+ Kh8 26. h4 Qf5 27.
Rf6 Qe4 28. Rxg6 1-0

[Event "PAR-ch"]
[Site "Asuncion"]
[Date "2014.12.14"]
[Round "6"]
[White "Latorre Lopez Moreira, Luis Matias"]
[Black "Cubas, Jose Fernando"]
[Result "1-0"]
[WhiteElo "2312"]
[BlackElo "2459"]
[PlyCount "111"]
[EventDate "2014.12.10"]
[EventType "tourn"]
[EventRounds "11"]
[EventCountry "PAR"]
[EventCategory "3"]
[SourceTitle "EXT 2016"]
[Source "ChessBase"]
[SourceDate "2015.10.08"]
[SourceVersion "1"]
[SourceVersionDate "2015.10.08"]
[SourceQuality "1"]

1. d4 Nf6 2. c4 e6 3. Nf3 d5 4. Nc3 Bb4 5. cxd5 exd5 6. Bg5 Nbd7 7. e3 c5 8.
Be2 Qa5 9. O-O Bxc3 10. bxc3 c4 11. Qc2 Ne4 12. Rac1 Nb6 13. Bf4 Qa4 14. Nd2
Qxc2 15. Rxc2 Bf5 16. Nxe4 Bxe4 17. Rd2 O-O 18. Rc1 Rfc8 19. Rb2 Rc6 20. Bd1 a6
21. a4 Ra7 22. Bb8 Ra8 23. Bg3 Ra7 24. Bb8 Ra8 25. Bf4 Ra7 26. f3 Bd3 27. a5
Nd7 28. Ra1 b5 29. axb6 Rxb6 30. Rxb6 Nxb6 31. Ra5 f6 32. Bd6 Nc8 33. Bc5 Rb7
34. Bb4 Nb6 35. Rxa6 Kf7 36. g4 f5 37. h3 g5 38. Kf2 Kg7 39. Ra5 h6 40. Rb5 Rb8
41. Bd6 Ra8 42. Rxb6 Ra1 43. Rb7+ Kg6 44. Be5 h5 45. Rg7+ Kh6 46. f4 hxg4 47.
hxg4 fxg4 48. Bxg4 Ra2+ 49. Kg3 gxf4+ 50. exf4 Be4 51. f5 Rg2+ 52. Kh3 Rc2 53.
f6 Rf2 54. Kh4 Bf5 55. Kg3 Rf1 56. Bf4+ 1-0

[Event "PAR-ch"]
[Site "Asuncion"]
[Date "2014.12.15"]
[Round "7"]
[White "Cubas, Jose Fernando"]
[Black "Vargas, Gabriela"]
[Result "1-0"]
[WhiteElo "2459"]
[BlackElo "2134"]
[PlyCount "47"]
[EventDate "2014.12.10"]
[EventType "tourn"]
[EventRounds "11"]
[EventCountry "PAR"]
[EventCategory "3"]
[SourceTitle "EXT 2016"]
[Source "ChessBase"]
[SourceDate "2015.10.08"]
[SourceVersion "1"]
[SourceVersionDate "2015.10.08"]
[SourceQuality "1"]

1. e4 d5 2. exd5 Qxd5 3. Nc3 Qa5 4. d4 Nf6 5. Bd2 c6 6. Bc4 Bf5 7. Nd5 Qd8 8.
Nxf6+ exf6 9. Ne2 Bd6 10. O-O O-O 11. Bb3 Re8 12. Re1 Nd7 13. Ng3 Bxg3 14. hxg3
Be6 15. c4 Nb6 16. Ba5 Qd7 17. d5 Bg4 18. Qd4 h5 19. Bxb6 axb6 20. Qxb6 cxd5
21. cxd5 Rxe1+ 22. Rxe1 Re8 23. Rxe8+ Qxe8 24. d6 1-0